| 000 | nam a22 7a 4500 | ||
|---|---|---|---|
| 999 |
_c29354 _d29354 |
||
| 008 | 171205b xxu||||| |||| 00| 0 eng d | ||
| 020 | _a9789966258373 | ||
| 050 | _aAFR PR 9381.9 .N48 2013 | ||
| 100 | _aMukoma wa Ngugi. | ||
| 245 |
_aNairobi Heat / _cMukoma wa Ngugi. |
||
| 250 | _a1st ed. | ||
| 260 |
_aKenya _bSpear Books, _c2013. |
||
| 300 |
_a212p. _c17cm |
||
| 650 | _aLiterature | ||
| 942 |
_2lcc _cAFRICANA _hAFR PR 9381.9 .N48 2013 |
||